Bienvenue à la Médiathèque de Saint-Andiol
banniere
Accueil Recherche avancée Mon compte
handi1 Rechercher dans le catalogue

Filtre   Mots-clés
  Recherche avancée
 
Lister les dernières nouveautés
 
Lister les livres GROS CARACTERES
 
Lister les périodiques (magazines)

handi1 Rouge Brésil

<< Retourner aux résultats de la recherche
Book Cover
Auteur principal : Jean-Christophe Rufin
Titre : Rouge Brésil
Support : Livres
Langue : Francais
Publié : 2014 Gallimard Paris
Genre : Roman
Collection : Folio
Sujets :
Étiquettes :
Pas de tags
LEADER 01014nam0a2200229 450
001 16868248
010 |a 978-2-07-045805-9  |b br.  |d 9,7 € 
100 |a 20131126d2014 u u0frey01 ba 
101 0 |a fre 
102 |a FR 
200 0 |a Rouge Brésil  |f Jean-Christophe Rufin 
205 |a Nouvelle présentation 
207 1 |a   
210 |a Paris  |b 5 rue Sébastien Bottin.  |c Gallimard  |d 2014 
215 |a 1 vol. (601 p.)  |d 18 x 11 cm 
225 1 |a Folio  |v 3906 
330 |a Histoire de la conquête du Brésil à travers le destin de deux enfants, Just et Colombe, qui servent d'interprètes auprès des tribus indiennes. Mise en scène de deux conceptions opposées de l'homme et de la nature, avec d'un côté, la civilisation européenne et de l'autre, le monde indien. Prix Goncourt 2001. Electre 2021 
676 |a 843 
700 0 |a Rufin  |b Jean-Christophe  |f 1952-....  |4 70 
900 |a Roman 
901 |a Adultes 
995 |a Médiathèque  |c Médiathèque  |f 00156011077195  |h 00156011077195  |k R RUF  |o p  |q a  |r az  |e Médiathèque